Thơ Quảng Bình (1989 - 1998 ) /
v...v
Đã lưu trong:
| Tác giả chính: | |
|---|---|
| Định dạng: | Sách |
| Năm xuất bản: |
Huế
Thuận Hóa
1998
|
| Chủ đề: | |
| Tags: |
Thêm thẻ
Không có thẻ, Hãy là người đầu tiên gắn thẻ bản ghi này!
|
| LEADER | 02249nam a2200277 4500 | ||
|---|---|---|---|
| 082 | |a 895.922134 |b Th460qu | ||
| 100 | |a Giang Biên | ||
| 245 | |a Thơ Quảng Bình (1989 - 1998 ) / |c Giang Biên, Thái Chiến, Nguyễn Văn Dinh,... | ||
| 260 | |a Huế |b Thuận Hóa |c 1998 | ||
| 300 | |a 124 tr. |c 19 cm | ||
| 520 | |a v...v | ||
| 653 | |a Văn học hiện đại | ||
| 653 | |a Thế kỷ XX | ||
| 653 | |a Việt Nam | ||
| 653 | |a Thơ | ||
| 942 | |2 ddc |c STK0 | ||
| 999 | |c 4518 |d 4518 | ||
| 952 | |0 0 |1 0 |2 ddc |4 0 |6 895_922134000000000_TH460QU |7 0 |8 800 |9 43990 |a qbu |b qbu |c D5 |d 2014-12-19 |g 20000 |o 895.922134 Th460qu |p 3903.C1 |r 0000-00-00 |w 2014-12-19 |y STK0 |0 0 |6 895_922134000000000_TH460QU | ||
| 952 | |0 0 |1 0 |2 ddc |4 0 |6 895_922134000000000_TH460QU |7 0 |8 800 |9 43991 |a qbu |b qbu |c D5 |d 2014-12-19 |g 20000 |o 895.922134 Th460qu |p 3903.C2 |r 0000-00-00 |w 2014-12-19 |y STK0 |0 0 |6 895_922134000000000_TH460QU | ||
| 952 | |0 0 |1 0 |2 ddc |4 0 |6 895_922134000000000_TH460QU |7 0 |8 800 |9 43992 |a qbu |b qbu |c D5 |d 2014-12-19 |g 20000 |l 1 |o 895.922134 Th460qu |p 3903.C3 |r 2016-07-13 |s 2016-01-21 |w 2014-12-19 |y STK0 |0 0 |6 895_922134000000000_TH460QU | ||
| 952 | |0 0 |1 0 |2 ddc |4 0 |6 895_922134000000000_TH460QU |7 0 |8 800 |9 43993 |a qbu |b qbu |c D5 |d 2014-12-19 |g 20000 |o 895.922134 Th460qu |p 3903.C4 |r 0000-00-00 |w 2014-12-19 |y STK0 |0 0 |6 895_922134000000000_TH460QU | ||
| 952 | |0 0 |1 0 |2 ddc |4 0 |6 895_922134000000000_TH460QU |7 0 |8 800 |9 43994 |a qbu |b qbu |c D5 |d 2014-12-19 |g 20000 |o 895.922134 Th460qu |p 3903.C5 |r 0000-00-00 |w 2014-12-19 |y STK0 |0 0 |6 895_922134000000000_TH460QU | ||
| 952 | |0 0 |1 0 |2 ddc |4 0 |6 895_922134000000000_TH460QU |7 0 |8 800 |9 43995 |a qbu |b qbu |c D5 |d 2014-12-19 |g 20000 |o 895.922134 Th460qu |p 3903.C6 |r 0000-00-00 |w 2014-12-19 |y STK0 |0 0 |6 895_922134000000000_TH460QU | ||
| 952 | |0 0 |1 0 |2 ddc |4 0 |6 895_922134000000000_TH460QU |7 0 |8 800 |9 43996 |a qbu |b qbu |c D5 |d 2014-12-19 |g 20000 |o 895.922134 Th460qu |p 3903.C7 |r 0000-00-00 |w 2014-12-19 |y STK0 |0 0 |6 895_922134000000000_TH460QU | ||
| 952 | |0 0 |1 0 |2 ddc |4 0 |6 895_922134000000000_TH460QU |7 0 |8 800 |9 43997 |a qbu |b qbu |c D5 |d 2014-12-19 |g 20000 |o 895.922134 Th460qu |p 3903.C8 |r 0000-00-00 |w 2014-12-19 |y STK0 |0 0 |6 895_922134000000000_TH460QU | ||
| 952 | |0 0 |1 0 |2 ddc |4 0 |6 895_922134000000000_TH460QU |7 0 |8 800 |9 43998 |a qbu |b qbu |c D5 |d 2014-12-19 |g 20000 |o 895.922134 Th460qu |p 3903.C9 |r 0000-00-00 |w 2014-12-19 |y STK0 |0 0 |6 895_922134000000000_TH460QU | ||